<The> choice of exchange rate regime and monetary target in highly dollarized economies

Uložené v:
Podrobná bibliografia
Hlavný autor: Berg, Andrew
Médium: Kniha
Jazyk:English
Vydavateľské údaje: Washington International Monetary Fund 2000
Edícia:IMF Working Paper WP/00/29
Predmet:
Tagy: Pridať tag
Žiadne tagy, Buďte prvý, kto otaguje tento záznam!

MARC

LEADER 00000nam a2200000 4500
001 c124148
005 20221221082604.7
041 0 |a eng 
044 |a US 
245 1 0 |a <The> choice of exchange rate regime and monetary target in highly dollarized economies  |c Andrew Berg 
264 1 |a Washington  |b International Monetary Fund  |c 2000 
300 |a 31 s. 
490 1 |a IMF Working Paper  |v WP/00/29 
830 0 |a IMF Working Paper  |v WP/00/29 
610 2 0 |a kurz menový 
610 2 0 |a dolarizácia 
610 2 0 |a hospodárstvo svetové 
100 1 |a Berg, Andrew